00416 2200145 4500001002100000008004100021035002000062245005600082100002300138260004100161300002100202082001400223650002000237990001300257INLIS000000000000076 ind  a0010-0322000076 aKUMPULAN CERPEN SEKOLAH DASAR (BENDERA KAKEK)cIKHA aJENNIFER QUINN,DKK aSURABAYAbPT. TEMPRINA MEDIA GRAFIKA a202 hlm.c21 cm. a899.221 3 aFIKSI INDONESIA a102302-1